Polskie województwa kolejności według ludności - Statystyki

Ogólne statystyki
  • Ten quiz został rozwiązany 123 razy
  • Średni wynik to 12 z 16
Statystyki odpowiedzi
Populacja Województwo % Poprawnych
5 512 800 Mazowieckie
100%
4 375 900 Śląskie
91%
3 500 000 Wielkopolskie
89%
3 430 400 Małopolskie
88%
2 897 700 Dolnośląskie
78%
2 358 700 Pomorskie
78%
2 394 900 Łódzkie
76%
948 600 Opolskie
73%
2 085 900 Podkarpackie
68%
985 600 Lubuskie
66%
2 038 300 Lubelskie
65%
1 148 700 Podlaskie
62%
1 650 000 Zachodniopomorskie
61%
2 017 700 Kujawsko-Pomorskie
58%
1 187 700 Świętokrzyskie
58%
1 374 000 Warmińsko-Mazurskie
55%
Nie znaleziono quizów pasujących do podanych kryteriów
Rozkład punktacji
Procent ludzi z każdym wynikiem
Percentyl według liczby udzielonych odpowiedzi
Twoja historia wyników
Nie rozwiązałeś tego quizu